[Event "16. Obert Internacional Sant Martí 2014"]
[Site "Barcelona ESP"]
[Date "2014.07.17"]
[Round "5.15"]
[White "Sanchez, Sebastian Felipe"]
[Black "Panelo, Marcelo"]
[Result "1/2-1/2"]
[WhiteElo "2375"]
[BlackElo "2448"]
[PlyCount "97"]
[EventDate "2014.07.13"]
[EventType "swiss"]
[EventRounds "9"]
[EventCountry "ESP"]
[Source "lmi"]
[SourceDate "2014.07.13"]

1. e4 c5 2. Nf3 d6 3. c3 Nf6 4. Bd3 Bg4 5. h3 Bh5 6. Bc2 Nc6 7. d3 e6 8. Nbd2
Be7 9. Nf1 d5 10. Ng3 Bg6 11. O-O Qc7 12. Qe2 O-O 13. Nh2 Rad8 14. f4 c4 15.
dxc4 Nxe4 16. Nxe4 dxe4 17. Bxe4 Bxe4 18. Qxe4 Bc5+ 19. Kh1 Ne7 20. b4 Nf5 21.
Qf3 Be7 22. g4 Nh4 23. Qe2 Qc6+ 24. Nf3 Nxf3 25. Rxf3 b6 26. Kg2 Rd7 27. Be3
Rfd8 28. b5 Qc7 29. Kf1 Bc5 30. Bxc5 Qxc5 31. Re1 Rd2 32. Qe4 h6 33. f5 exf5
34. Rxf5 Qd6 35. Qf3 Qc7 36. Qf4 Qd7 37. Kg1 Qd3 38. Rxf7 Qxc3 39. Rfe7 Rf8 40.
Re8 Qd4+ 41. Qxd4 Rxd4 42. Rxf8+ Kxf8 43. Rc1 Rd2 44. c5 bxc5 45. Rxc5 Rxa2 46.
Rc7 Kg8 47. Rb7 Kh7 48. b6 axb6 49. Rxb6 1/2-1/2

[Event "16. Obert Internacional Sant Martí 2014"]
[Site "Barcelona ESP"]
[Date "2014.07.17"]
[Round "5.16"]
[White "Mokal, Amruta Sunil"]
[Black "Gomez Ledo, Roberto Carlos"]
[Result "0-1"]
[WhiteElo "2046"]
[BlackElo "2429"]
[PlyCount "104"]
[EventDate "2014.07.13"]
[EventType "swiss"]
[EventRounds "9"]
[EventCountry "ESP"]
[Source "lmi"]
[SourceDate "2014.07.13"]

1. e4 e5 2. Nf3 d6 3. d4 exd4 4. Nxd4 Nf6 5. Nc3 Be7 6. Bc4 O-O 7. O-O c6 8. a4
a5 9. Re1 Na6 10. h3 Nc5 11. Bf4 Be6 12. Nxe6 fxe6 13. Bxd6 Bxd6 14. e5 Nd5 15.
exd6 Qxd6 16. Ne4 Nxe4 17. Rxe4 Rf6 18. Qd4 Raf8 19. Rae1 Rf4 20. Rxf4 Rxf4 21.
Re4 Rf6 22. g3 Qf8 23. Re5 Qb4 24. b3 Kf7 25. Qa7 Kg8 26. Qd4 b6 27. Re4 Kf8
28. Qe5 Qc5 29. Re2 Kg8 30. Kg2 Rxf2+ 31. Rxf2 Ne3+ 32. Qxe3 Qxe3 33. Re2 Qc5
34. Rxe6 Kf8 35. Re2 g5 36. g4 Kg7 37. Bd3 h6 38. Rf2 Qd5+ 39. Kg3 b5 40. Re2
bxa4 41. bxa4 Qh1 42. Re7+ Kf6 43. Rh7 Qe1+ 44. Kf3 Qd1+ 45. Kg3 c5 46. Rxh6+
Ke5 47. Rg6 Qd2 48. Bf5 Qe3+ 49. Kg2 Kf4 50. Rd6 c4 51. Bd3 Qf3+ 52. Kg1 Kg3
0-1

[Event "16. Obert Internacional Sant Martí 2014"]
[Site "Barcelona ESP"]
[Date "2014.07.17"]
[Round "5.17"]
[White "Cruz, Cristhian"]
[Black "Dukaczewski, Piotr"]
[Result "1-0"]
[WhiteElo "2563"]
[BlackElo "2303"]
[PlyCount "75"]
[EventDate "2014.07.13"]
[EventType "swiss"]
[EventRounds "9"]
[EventCountry "ESP"]
[Source "lmi"]
[SourceDate "2014.07.13"]

1. c4 e5 2. g3 Nf6 3. Bg2 d5 4. cxd5 Nxd5 5. Nf3 Nc6 6. O-O Be7 7. d4 exd4 8.
Nxd4 Nxd4 9. Qxd4 Nf6 10. Qa4+ c6 11. Rd1 Bd7 12. Nc3 Qc8 13. Bg5 h6 14. Bxf6
Bxf6 15. Ne4 Be5 16. Nc5 Bf5 17. Nxb7 O-O 18. Nd6 Qe6 19. Nxf5 Qxf5 20. Rab1
Rad8 21. Be4 Qf6 22. b3 Rd4 23. Rxd4 Bxd4 24. e3 Bb6 25. Qxc6 Qxc6 26. Bxc6 Rd8
27. b4 Rd6 28. Rc1 Rd2 29. Be4 g6 30. a4 Kg7 31. a5 Bd8 32. Rc8 Rd7 33. Ra8 Be7
34. b5 Bd8 35. Bc6 Rd1+ 36. Kg2 Bxa5 37. Rxa7 Bd8 38. Be8 1-0

[Event "16. Obert Internacional Sant Martí 2014"]
[Site "Barcelona ESP"]
[Date "2014.07.17"]
[Round "5.18"]
[White "Lindh, Fredrik"]
[Black "Oliva Castaneda, Kevel"]
[Result "0-1"]
[WhiteElo "2205"]
[BlackElo "2419"]
[PlyCount "36"]
[EventDate "2014.07.13"]
[EventType "swiss"]
[EventRounds "9"]
[EventCountry "ESP"]
[Source "lmi"]
[SourceDate "2014.07.13"]

1. e4 c5 2. Nf3 e6 3. d4 cxd4 4. Nxd4 Nc6 5. Nc3 Qc7 6. f4 a6 7. Be3 b5 8. Bd3
Bb7 9. Qf3 Nf6 10. Nb3 d5 11. O-O-O Nb4 12. exd5 Nfxd5 13. Nxd5 Bxd5 14. Qf2
Nxa2+ 15. Kb1 Nb4 16. f5 Bxb3 17. cxb3 Qa5 18. Bd4 Rc8 0-1

[Event "16. Obert Internacional Sant Martí 2014"]
[Site "Barcelona ESP"]
[Date "2014.07.17"]
[Round "5.19"]
[White "Cruz, Filemon"]
[Black "Smirnov, Boris"]
[Result "1-0"]
[WhiteElo "2412"]
[BlackElo "2145"]
[PlyCount "53"]
[EventDate "2014.07.13"]
[EventType "swiss"]
[EventRounds "9"]
[EventCountry "ESP"]
[Source "lmi"]
[SourceDate "2014.07.13"]

1. c4 c5 2. g3 Nc6 3. Nc3 g6 4. a3 Bg7 5. Rb1 d6 6. Bg2 Nf6 7. b4 O-O 8. d3 a6
9. Bd2 cxb4 10. axb4 e6 11. Nf3 d5 12. cxd5 exd5 13. b5 axb5 14. Nxb5 Re8 15.
O-O d4 16. Ng5 Bf5 17. Qb3 Qd7 18. Nd6 Re7 19. Ndxf7 Be6 20. Nxe6 Qxe6 21. Qxe6
Rxe6 22. Rxb7 Rxe2 23. Nh6+ Kh8 24. Bg5 Ra6 25. Rc1 Re6 26. Bd5 Nxd5 27. Rb8+
1-0

[Event "16. Obert Internacional Sant Martí 2014"]
[Site "Barcelona ESP"]
[Date "2014.07.17"]
[Round "5.20"]
[White "Aloma Vidal, Robert"]
[Black "Guix Torres, David"]
[Result "1/2-1/2"]
[WhiteElo "2406"]
[BlackElo "2045"]
[PlyCount "144"]
[EventDate "2014.07.13"]
[EventType "swiss"]
[EventRounds "9"]
[EventCountry "ESP"]
[Source "lmi"]
[SourceDate "2014.07.13"]

1. d4 Nf6 2. c4 c5 3. d5 b5 4. cxb5 a6 5. bxa6 g6 6. Nc3 Bxa6 7. e4 Bxf1 8.
Kxf1 d6 9. g3 Bg7 10. Kg2 O-O 11. Nf3 Nbd7 12. a4 Qa5 13. Bd2 Rfb8 14. Nb5 Qd8
15. Qc2 Ne8 16. Rab1 Nc7 17. Nxc7 Qxc7 18. b4 Qa7 19. a5 cxb4 20. Bxb4 Rb5 21.
Bd2 Rc5 22. Qd3 Qc7 23. a6 Qc8 24. Rb7 Rc7 25. Qb5 Nc5 26. Rxc7 Qxc7 27. Be3
Nxa6 28. Rc1 Qb8 29. Qd7 Bf6 30. g4 Qe8 31. Qb7 Qb8 32. Rb1 Qxb7 33. Rxb7 Kf8
34. g5 Bc3 35. h4 Bb4 36. Bd4 Bc5 37. Rb2 Bxd4 38. Nxd4 Nc5 39. f3 Nd3 40. Rb7
Nc5 41. Rc7 Na6 42. Rc2 Nb4 43. Rc3 Na6 44. Ra3 Nc7 45. Rb3 Na6 46. Nc6 Nc5 47.
Rb2 Ke8 48. Kg3 Kd7 49. h5 gxh5 50. Rh2 Ra3 51. Rh4 e6 52. Rf4 exd5 53. exd5
Ke8 54. Kh4 Ra4 55. Rxa4 Nxa4 56. Kxh5 Nb6 57. Nb4 Kf8 58. Kh6 Kg8 59. f4 Nc4
60. Nc2 Nd2 61. Ne3 Ne4 62. Nf5 Kh8 63. Kh5 Nc3 64. Ne3 Kg7 65. Kg4 f6 66. Kf5
fxg5 67. Kxg5 Kf7 68. f5 h6+ 69. Kf4 Ne2+ 70. Kf3 Nd4+ 71. Ke4 Nb5 72. Kf4 Nc3
1/2-1/2

[Event "16. Obert Internacional Sant Martí 2014"]
[Site "Barcelona ESP"]
[Date "2014.07.17"]
[Round "5.21"]
[White "Gonzalez Perez, Arian"]
[Black "Andersen, Alf R"]
[Result "1-0"]
[WhiteElo "2494"]
[BlackElo "2214"]
[PlyCount "81"]
[EventDate "2014.07.13"]
[EventType "swiss"]
[EventRounds "9"]
[EventCountry "ESP"]
[Source "lmi"]
[SourceDate "2014.07.13"]

1. d4 f5 2. Nf3 Nf6 3. g3 g6 4. Bg2 Bg7 5. c4 d6 6. b3 O-O 7. Bb2 Qe8 8. O-O
Nc6 9. d5 Nd8 10. Nc3 Bd7 11. Nd2 g5 12. e4 f4 13. Nb5 Bxb5 14. cxb5 Qxb5 15.
Nc4 Nf7 16. e5 dxe5 17. Nxe5 Nxe5 18. Bxe5 Qd7 19. Rc1 Ne8 20. Re1 fxg3 21.
hxg3 Qf5 22. Qd4 Rf7 23. Re2 Rd8 24. Rce1 Rd7 25. Kh2 g4 26. Bxg7 Nxg7 27. Qxa7
b6 28. Qa8+ Rf8 29. Qc6 Rf6 30. Qa8+ Rf8 31. Qa4 Rd6 32. Kg1 Rh6 33. Qc4 Kh8
34. Qd4 Rhf6 35. Rxe7 Qxf2+ 36. Qxf2 Rxf2 37. Rxc7 Rxa2 38. d6 Rd2 39. d7 Rd8
40. Bc6 Rc2 41. Rc8 1-0

[Event "16. Obert Internacional Sant Martí 2014"]
[Site "Barcelona ESP"]
[Date "2014.07.17"]
[Round "5.22"]
[White "Persson, Andreas"]
[Black "Cruz, Jonathan"]
[Result "0-1"]
[WhiteElo "2249"]
[BlackElo "2471"]
[PlyCount "96"]
[EventDate "2014.07.13"]
[EventType "swiss"]
[EventRounds "9"]
[EventCountry "ESP"]
[Source "lmi"]
[SourceDate "2014.07.13"]

1. d4 Nf6 2. c4 c5 3. d5 g6 4. Nc3 Bg7 5. e4 d6 6. Be2 O-O 7. Bg5 h6 8. Bf4 Ne8
9. Qd2 Kh7 10. h4 e5 11. Be3 f5 12. exf5 gxf5 13. f3 f4 14. Bf2 Nf6 15. Bd3+
Kh8 16. Nge2 Nbd7 17. O-O-O b5 18. Nxb5 Qb6 19. Nbc3 Rb8 20. Ne4 Nxe4 21. Bxe4
Qa6 22. b3 Nb6 23. Qc2 Bd7 24. Rd2 Qa3+ 25. Kd1 Nc8 26. Be1 Ne7 27. Nc3 Qb4 28.
Re2 Qb6 29. Bd2 a5 30. Ke1 Qd8 31. a4 Nf5 32. Bxf5 Bxf5 33. Ne4 Rf7 34. Qc3
Rfb7 35. Qxa5 Qe7 36. Nf2 Rxb3 37. Kf1 Qb7 38. Be1 Ra8 39. Qd2 Rxa4 40. Ne4 Qa6
41. Qc2 Rb6 42. Qd1 Rxc4 43. Kf2 Rd4 44. Rd2 Qc4 45. Qa1 Qxd5 46. Qa7 Rxd2+ 47.
Bxd2 Rb2 48. Rd1 Bxe4 0-1

[Event "16. Obert Internacional Sant Martí 2014"]
[Site "Barcelona ESP"]
[Date "2014.07.17"]
[Round "5.23"]
[White "Cori T., Deysi"]
[Black "Lasinskas, Povilas"]
[Result "1-0"]
[WhiteElo "2414"]
[BlackElo "2212"]
[PlyCount "71"]
[EventDate "2014.07.13"]
[EventType "swiss"]
[EventRounds "9"]
[EventCountry "ESP"]
[Source "lmi"]
[SourceDate "2014.07.13"]

1. d4 Nf6 2. c4 g6 3. Nc3 d5 4. Bg5 Ne4 5. Bh4 Nxc3 6. bxc3 dxc4 7. e3 Be6 8.
Nf3 Bg7 9. Rb1 b6 10. Ng5 Bd5 11. e4 h6 12. exd5 hxg5 13. Qa4+ Kf8 14. Bxg5
Qxd5 15. Be3 Qe4 16. Rd1 Bh6 17. Kd2 Bxe3+ 18. fxe3 c5 19. Bxc4 cxd4 20. cxd4
Qxg2+ 21. Be2 Nc6 22. Rdf1 Na5 23. Qc2 Kg7 24. Qc7 Qd5 25. Qxe7 Qxa2+ 26. Ke1
Rhe8 27. Qf6+ Kg8 28. Rf3 Qe6 29. Qh4 Rac8 30. Rh3 Kf8 31. Kf2 Rc2 32. Re1 Nc4
33. Kg1 Nd6 34. e4 Rec8 35. Bg4 Qa2 36. Qf6 1-0

[Event "16. Obert Internacional Sant Martí 2014"]
[Site "Barcelona ESP"]
[Date "2014.07.17"]
[Round "5.24"]
[White "Dalo, Hermes"]
[Black "Palit, Somak"]
[Result "0-1"]
[WhiteElo "2226"]
[BlackElo "2411"]
[PlyCount "50"]
[EventDate "2014.07.13"]
[EventType "swiss"]
[EventRounds "9"]
[EventCountry "ESP"]
[Source "lmi"]
[SourceDate "2014.07.13"]

1. Nf3 Nf6 2. c4 g6 3. Nc3 d5 4. cxd5 Nxd5 5. Qc2 Bg7 6. d4 Nxc3 7. bxc3 c5 8.
e3 O-O 9. Be2 Nc6 10. O-O cxd4 11. cxd4 Bf5 12. Qd2 e5 13. Ba3 Re8 14. Bb5 exd4
15. Bxc6 dxe3 16. Qxd8 Rexd8 17. Bb5 Bd3 18. Ba4 e2 19. Rfe1 b5 20. Bb3 Bxa1
21. Rxa1 a5 22. Ne5 Bc4 23. Nxc4 bxc4 24. Ba4 Rd3 25. Be7 Re8 0-1

[Event "16. Obert Internacional Sant Martí 2014"]
[Site "Barcelona ESP"]
[Date "2014.07.17"]
[Round "5.26"]
[White "Akshat, Khamparia"]
[Black "Juan Bartroli, Pau"]
[Result "1-0"]
[WhiteElo "2367"]
[BlackElo "2179"]
[PlyCount "157"]
[EventDate "2014.07.13"]
[EventType "swiss"]
[EventRounds "9"]
[EventCountry "ESP"]
[Source "lmi"]
[SourceDate "2014.07.13"]

1. d4 e6 2. Nf3 Nf6 3. Bg5 Be7 4. e3 b6 5. Nbd2 Bb7 6. Bd3 h6 7. Bxf6 Bxf6 8.
O-O d6 9. Qe2 Nd7 10. c4 Qe7 11. Be4 c6 12. Bc2 Rc8 13. Ne4 d5 14. cxd5 cxd5
15. Nxf6+ gxf6 16. Rac1 Qb4 17. Bd3 Ke7 18. Qd2 Qxd2 19. Nxd2 f5 20. Nb3 Nb8
21. Rxc8 Rxc8 22. Rc1 Rxc1+ 23. Nxc1 Ba6 24. Bxa6 Nxa6 25. Nd3 Nb8 26. g3 Nc6
27. Kg2 f6 28. Nf4 Kd6 29. Kf1 e5 30. Nh5 exd4 31. exd4 Nxd4 32. Nxf6 Ke5 33.
Ng8 h5 34. Ne7 Ke4 35. Ng6 Nf3 36. h4 d4 37. Nf4 Nxh4 38. Nxh5 Ng6 39. Ke2 d3+
40. Kd2 Ne5 41. b3 Nf3+ 42. Kc3 b5 43. Nf6+ Ke5 44. Nd7+ Kd6 45. Nf8 d2 46. Kc2
Kc5 47. Ne6+ Kd5 48. Nf4+ Kc6 49. Ng6 Kd5 50. Ne7+ Ke6 51. Nc6 a6 52. b4 Kd5
53. Nb8 Ke4 54. Nxa6 Nd4+ 55. Kxd2 Kf3 56. Ke1 Nc2+ 57. Kf1 Ke4 58. Nc7 Nd4 59.
Kg2 Ke5 60. f3 Kd6 61. Na6 Nc2 62. Kf2 Kc6 63. g4 fxg4 64. fxg4 Kd6 65. Ke2 Ke5
66. Kd3 Na3 67. Kc3 Kf4 68. Nc7 Kxg4 69. Kb3 Nc4 70. Nxb5 Nb6 71. a4 Kf5 72. a5
Na8 73. Kc4 Ke6 74. Kc5 Kd7 75. a6 Kc8 76. Kc6 Kb8 77. a7+ Kc8 78. Nd6+ Kd8 79.
b5 1-0

[Event "16. Obert Internacional Sant Martí 2014"]
[Site "Barcelona ESP"]
[Date "2014.07.17"]
[Round "5.27"]
[White "Asensio Linan, Teodoro"]
[Black "Kholopov, Alexander A"]
[Result "0-1"]
[WhiteElo "2189"]
[BlackElo "2339"]
[PlyCount "70"]
[EventDate "2014.07.13"]
[EventType "swiss"]
[EventRounds "9"]
[EventCountry "ESP"]
[Source "lmi"]
[SourceDate "2014.07.13"]

1. d4 f5 2. Nf3 Nf6 3. g3 g6 4. Bg2 Bg7 5. c4 O-O 6. Nc3 d6 7. O-O Qe8 8. Re1
Qf7 9. d5 Ne4 10. Ng5 Nxc3 11. bxc3 Qf6 12. Rb1 Na6 13. e4 Nc5 14. Bf4 Qxc3 15.
Re3 Qxc4 16. Bf1 Qd4 17. Qe2 h6 18. Nf3 Qa4 19. Rc1 fxe4 20. Qd2 g5 21. Bxg5
hxg5 22. Rc4 Qe8 23. Nxg5 Bf5 24. h4 Bh6 25. Qc3 Bxg5 26. hxg5 Qg6 27. Rxc5
dxc5 28. Bc4 Qd6 29. g4 Bxg4 30. Rxe4 Rf4 31. Rxf4 Qxf4 32. d6+ e6 33. dxc7 Rf8
34. Qc2 Qxg5 35. f4 Qg7 0-1

[Event "16. Obert Internacional Sant Martí 2014"]
[Site "Barcelona ESP"]
[Date "2014.07.17"]
[Round "5.28"]
[White "Naslund, Mikael"]
[Black "Gemy, Jose Daniel"]
[Result "0-1"]
[WhiteElo "2148"]
[BlackElo "2330"]
[PlyCount "170"]
[EventDate "2014.07.13"]
[EventType "swiss"]
[EventRounds "9"]
[EventCountry "ESP"]
[Source "lmi"]
[SourceDate "2014.07.13"]

1. c4 c6 2. e4 e5 3. Nf3 d6 4. Nc3 Nf6 5. d4 exd4 6. Nxd4 g6 7. Be2 Bg7 8. O-O
O-O 9. Be3 Re8 10. Qc2 Qe7 11. Bf3 Nbd7 12. Rad1 Ne5 13. Be2 Neg4 14. Bxg4 Nxg4
15. Bf4 Be5 16. Bxe5 dxe5 17. Nf3 Nh6 18. h3 f6 19. Qd2 Nf7 20. Qe3 Be6 21. b3
Qb4 22. Rd3 Qb6 23. Rfd1 Qxe3 24. Rxe3 Red8 25. Red3 Rxd3 26. Rxd3 Kf8 27. Kf1
Ke7 28. Ke2 f5 29. exf5 gxf5 30. Re3 Kf6 31. Nd2 h5 32. g3 Rd8 33. h4 Nh6 34.
Rd3 Rg8 35. Nf1 Ke7 36. Na4 Rf8 37. Nc5 Bc8 38. Rd2 e4 39. f3 b6 40. Na4 exf3+
41. Kxf3 f4 42. gxf4 Nf5 43. Ke4 Kf7 44. c5 Re8+ 45. Kf3 Nxh4+ 46. Kg3 Nf5+ 47.
Kf3 b5 48. Nb2 Be6 49. Nd3 Bd5+ 50. Kf2 Rg8 51. Ne5+ Kf6 52. Nf3 h4 53. Ng5 Re8
54. Rd3 Kg6 55. Rd2 Kh5 56. Nh7 Kg6 57. Ng5 Re7 58. Rd3 Kh5 59. Nh3 Be4 60. Rd8
Kg4 61. Ng5 Bd5 62. Rf8 Kxf4 63. Nh3+ Ke5 64. Nh2 Ng3 65. Nf3+ Bxf3 66. Kxf3
Kd4 67. b4 Re3+ 68. Kg2 Kc4 69. Rf4+ Re4 70. Rf6 Kxb4 71. Rxc6 a5 72. Nf2 Re2
73. Kf3 Nf5 74. Rc8 Nd4+ 75. Kf4 Rxf2+ 76. Ke3 Rxa2 77. Kxd4 h3 78. c6 h2 79.
Rh8 Rc2 80. Kd5 a4 81. Rh4+ Kb3 82. Rh3+ Kb2 83. Kd6 a3 84. c7 a2 85. Rxh2 Rxh2
0-1

[Event "16. Obert Internacional Sant Martí 2014"]
[Site "Barcelona ESP"]
[Date "2014.07.17"]
[Round "5.29"]
[White "Gurevich, Daniel"]
[Black "Sanchez Lopez, Juan Manuel"]
[Result "1-0"]
[WhiteElo "2317"]
[BlackElo "2141"]
[PlyCount "71"]
[EventDate "2014.07.13"]
[EventType "swiss"]
[EventRounds "9"]
[EventCountry "ESP"]
[Source "lmi"]
[SourceDate "2014.07.13"]

1. e4 c5 2. Nf3 d6 3. d4 cxd4 4. Nxd4 Nf6 5. Nc3 a6 6. h3 e5 7. Nde2 Be6 8. g4
h6 9. Bg2 Nc6 10. Be3 b5 11. a4 b4 12. Nd5 Bxd5 13. exd5 Ne7 14. a5 Ng6 15. O-O
Be7 16. f4 Nh4 17. Bh1 Qd7 18. Qe1 Nxg4 19. hxg4 Qxg4+ 20. Qg3 Qxe2 21. fxe5
O-O 22. Rf2 Qh5 23. exd6 Bg5 24. Bb6 f5 25. Re1 f4 26. Qh3 Qg6 27. Qe6+ Kh8 28.
Qxg6 Nxg6 29. Re6 Nh4 30. Be4 Bd8 31. Bd4 Bg5 32. Rh2 Kg8 33. Re7 Rf7 34. Bc5
Rd8 35. Rc7 Nf5 36. Rxf7 1-0

[Event "16. Obert Internacional Sant Martí 2014"]
[Site "Barcelona ESP"]
[Date "2014.07.17"]
[Round "5.30"]
[White "Raghunandan, Kaumandur Srihari"]
[Black "Sagar, Shah"]
[Result "0-1"]
[WhiteElo "2148"]
[BlackElo "2314"]
[PlyCount "170"]
[EventDate "2014.07.13"]
[EventType "swiss"]
[EventRounds "9"]
[EventCountry "ESP"]
[Source "lmi"]
[SourceDate "2014.07.13"]

1. d4 Nf6 2. c4 e6 3. Nf3 Bb4+ 4. Bd2 a5 5. g3 d6 6. Bg2 Nbd7 7. O-O e5 8. d5
Bxd2 9. Nfxd2 O-O 10. Nc3 Nc5 11. e4 c6 12. Nb3 Bg4 13. Qc2 Qb6 14. Nxc5 Qxc5
15. Na4 Qa7 16. h3 Bd7 17. dxc6 Bxc6 18. Nc3 Qc5 19. Qd3 a4 20. Rfd1 Rfd8 21.
Rd2 h5 22. h4 Ra6 23. Rad1 Rb6 24. Bh3 Rb4 25. Bf1 g6 26. Be2 Kg7 27. a3 Rb3
28. Bf3 Ne8 29. Re1 Qb6 30. Qc2 Nc7 31. Bd1 Ne6 32. Qc1 Nd4 33. Bxb3 Nxb3 34.
Qd1 Nxd2 35. Qxd2 Qc5 36. Qd3 Re8 37. Rd1 Re6 38. Nd5 Qa7 39. Kg2 Qc5 40. f3
Bxd5 41. Qxd5 Qb6 42. Qd2 Qb3 43. Rc1 Rf6 44. Rc3 Qa2 45. Rc1 Qb3 46. Rc3 Qa2
47. Rc1 Re6 48. Qc3 Re7 49. Rd1 Re6 50. Rc1 Kh7 51. Qc2 Re7 52. Qc3 Rc7 53. Qb4
Kg7 54. Kh3 Rd7 55. Rd1 Rd8 56. Qc3 Kh7 57. Rc1 b6 58. Kg2 Rc8 59. Qb4 Rc5 60.
Qxb6 Rxc4 61. Rxc4 Qxc4 62. Qxd6 Qe2+ 63. Kg1 Qxb2 64. Kf1 Qc1+ 65. Ke2 Qb2+
66. Ke3 Kg7 67. f4 Qc3+ 68. Qd3 exf4+ 69. gxf4 Qc1+ 70. Kf3 Qh1+ 71. Ke3 Qh3+
72. Kd2 Qxh4 73. Qd4+ Kh7 74. e5 Qh2+ 75. Kc3 Qg3+ 76. Kb4 Qb3+ 77. Ka5 Qxa3
78. Qd7 Qb3 79. f5 Qc3+ 80. Kxa4 Qc2+ 81. Kb4 Qxf5 82. Qe7 Kh6 83. Qf8+ Kg5 84.
Qd8+ Kg4 85. Qd1+ Kf4 0-1

[Event "16. Obert Internacional Sant Martí 2014"]
[Site "Barcelona ESP"]
[Date "2014.07.17"]
[Round "5.31"]
[White "Gomez Jurado, Luis Alberto"]
[Black "Matsenko, Vadim"]
[Result "1-0"]
[WhiteElo "2304"]
[BlackElo "2108"]
[PlyCount "81"]
[EventDate "2014.07.13"]
[EventType "swiss"]
[EventRounds "9"]
[EventCountry "ESP"]
[Source "lmi"]
[SourceDate "2014.07.13"]

1. c4 c5 2. g3 Nc6 3. Bg2 Nf6 4. Nc3 g6 5. Nf3 Bg7 6. d4 cxd4 7. Nxd4 O-O 8.
O-O Nxd4 9. Qxd4 d6 10. Qd3 Bf5 11. e4 Be6 12. b3 Nd7 13. Bb2 Qa5 14. Rac1 Rac8
15. Qe2 Rfe8 16. f4 Nf6 17. h3 Qh5 18. f5 Qxe2 19. Nxe2 Bd7 20. e5 dxe5 21.
fxg6 hxg6 22. Bxb7 Bxh3 23. Bxc8 Bxf1 24. Kxf1 Rxc8 25. Bxe5 Ne4 26. Bxg7 Kxg7
27. Kg2 e5 28. b4 f5 29. c5 Kf6 30. Nc3 Nxc3 31. Rxc3 e4 32. b5 Ke5 33. c6 Kd4
34. Rc1 Kd3 35. a4 e3 36. Kf3 e2 37. Re1 Re8 38. a5 Kd4 39. Rxe2 Rg8 40. c7 Kd5
41. Rd2+ 1-0

[Event "16. Obert Internacional Sant Martí 2014"]
[Site "Barcelona ESP"]
[Date "2014.07.17"]
[Round "5.32"]
[White "Pozanco Romasanta, Marc"]
[Black "Piasetski, Leon"]
[Result "0-1"]
[WhiteElo "2088"]
[BlackElo "2297"]
[PlyCount "84"]
[EventDate "2014.07.13"]
[EventType "swiss"]
[EventRounds "9"]
[EventCountry "ESP"]
[Source "lmi"]
[SourceDate "2014.07.13"]

1. d4 f5 2. g3 Nf6 3. Bg2 e6 4. c4 Be7 5. Nf3 O-O 6. O-O c6 7. Nc3 d5 8. Bf4 h6
9. Ne5 g5 10. Bc1 Bd6 11. f3 c5 12. Nb5 Nc6 13. Nxd6 Qxd6 14. Nxc6 bxc6 15. f4
g4 16. Be3 cxd4 17. Bxd4 Ba6 18. Rc1 Nd7 19. b3 Rf7 20. Rc2 Kh7 21. Qa1 c5 22.
Bb2 Re8 23. Rd2 Nb6 24. Rfd1 Qe7 25. cxd5 exd5 26. Be5 d4 27. Qc1 Nd7 28. Bc6
Rc8 29. Bxd7 Qxd7 30. e3 Bb7 31. Qc4 Bd5 32. Qa6 Bc6 33. Qc4 Bb5 34. Qc2 Qd5
35. e4 Qxe4 36. Bxd4 cxd4 37. Qxc8 Bc6 38. Qd8 Qh1+ 39. Kf2 Qxh2+ 40. Ke1 Qg1+
41. Ke2 Bb5+ 42. Rd3 Qe3+ 0-1

[Event "16. Obert Internacional Sant Martí 2014"]
[Site "Barcelona ESP"]
[Date "2014.07.17"]
[Round "5.33"]
[White "Ventura Bolet, Maxim"]
[Black "Oms Fuentes, Lluis"]
[Result "0-1"]
[WhiteElo "2044"]
[BlackElo "2293"]
[PlyCount "84"]
[EventDate "2014.07.13"]
[EventType "swiss"]
[EventRounds "9"]
[EventCountry "ESP"]
[Source "lmi"]
[SourceDate "2014.07.13"]

1. d4 e6 2. g3 d5 3. Bg2 f5 4. Nh3 Nf6 5. O-O Bd6 6. c4 c6 7. Qc2 O-O 8. Nd2
Nbd7 9. Nf3 Qe7 10. Bf4 Ne4 11. Bxd6 Nxd6 12. b3 b6 13. Rac1 Ba6 14. Qb2 Bb7
15. Nf4 a5 16. Nd3 Nf7 17. Nd2 a4 18. b4 Nd6 19. b5 cxb5 20. cxb5 Nf6 21. Ne5
Ra5 22. Nc6 Bxc6 23. bxc6 Qc7 24. Rb1 b5 25. Rfc1 Ra6 26. Nf3 Rxc6 27. Rxc6
Qxc6 28. Ne5 Qa6 29. Bf1 Rc8 30. e3 Qa5 31. Qa3 Nfe4 32. Bxb5 Qd2 33. Nd3 h6
34. Qb4 Rc3 35. Ba6 Rxd3 36. Bxd3 Qxf2+ 37. Kh1 Qf3+ 38. Kg1 Qxe3+ 39. Kg2 Qxd3
40. Rb2 Nc4 41. Qe7 Ne3+ 42. Kf3 Ng5+ 0-1

[Event "16. Obert Internacional Sant Martí 2014"]
[Site "Barcelona ESP"]
[Date "2014.07.17"]
[Round "5.34"]
[White "Matsenko, Andrei"]
[Black "Monedero Gonzalez, Josep"]
[Result "1-0"]
[WhiteElo "2294"]
[BlackElo "2071"]
[PlyCount "120"]
[EventDate "2014.07.13"]
[EventType "swiss"]
[EventRounds "9"]
[EventCountry "ESP"]
[Source "lmi"]
[SourceDate "2014.07.13"]

1. e4 e6 2. d4 d5 3. Nd2 Nf6 4. e5 Nfd7 5. Bd3 c5 6. c3 b6 7. Ne2 Ba6 8. Bxa6
Nxa6 9. O-O cxd4 10. cxd4 Nb4 11. f4 g6 12. Nf3 b5 13. g4 h5 14. h3 Be7 15. Be3
Rc8 16. Nc3 a6 17. Qe2 Nb6 18. Rac1 Qd7 19. Nd2 Nc4 20. Nxc4 dxc4 21. Rcd1 hxg4
22. hxg4 Nd5 23. Nxd5 Qxd5 24. Qg2 Rh4 25. Bf2 Qxg2+ 26. Kxg2 Rh8 27. d5 exd5
28. Rxd5 Kf8 29. Rd7 Bc5 30. Bg3 Be7 31. Rfd1 c3 32. Rc1 Ke8 33. Rd3 b4 34.
bxc3 Rc4 35. Rd4 Rxc3 36. Rxc3 bxc3 37. Be1 c2 38. Rc4 Kd7 39. Rxc2 Rb8 40. Ba5
Rb5 41. Rc7+ Kd8 42. Rc5+ Kd7 43. Rxb5 axb5 44. Kf3 Ke6 45. Ke4 f5+ 46. exf6
Bxf6 47. Bb4 Bb2 48. Bc5 Bc1 49. f5+ gxf5+ 50. gxf5+ Kd7 51. Kd5 Bg5 52. Bf8
Be3 53. f6 Bg5 54. f7 Bf6 55. Bb4 Bg7 56. Kc5 Ke6 57. Kxb5 Kxf7 58. a4 Ke6 59.
Kc6 Be5 60. a5 Bd4 1-0

[Event "16. Obert Internacional Sant Martí 2014"]
[Site "Barcelona ESP"]
[Date "2014.07.17"]
[Round "5.35"]
[White "Hapala, Elisabeth"]
[Black "Ryan, Joseph"]
[Result "1-0"]
[WhiteElo "2068"]
[BlackElo "2285"]
[PlyCount "97"]
[EventDate "2014.07.13"]
[EventType "swiss"]
[EventRounds "9"]
[EventCountry "ESP"]
[Source "lmi"]
[SourceDate "2014.07.13"]

1. e4 g6 2. d4 Bg7 3. Nc3 c6 4. h3 d5 5. Nf3 dxe4 6. Nxe4 Nd7 7. Bc4 Ngf6 8.
Nxf6+ Nxf6 9. O-O O-O 10. c3 Qc7 11. Re1 b6 12. Ne5 Bb7 13. Bf4 Qd8 14. Qd2 c5
15. Rad1 cxd4 16. Qxd4 Qxd4 17. Rxd4 e6 18. Nxf7 Rxf7 19. Bxe6 Raf8 20. Bb3 Bc6
21. Re7 Bd5 22. Rxd5 Rxe7 23. Rd7+ Ref7 24. Rxa7 Ne4 25. f3 g5 26. Bh2 Nc5 27.
Bd5 Bxc3 28. bxc3 Kg7 29. Be5+ Kg6 30. Bxf7+ Rxf7 31. Rxf7 Kxf7 32. Bd4 Nd7 33.
c4 h5 34. g3 Ke6 35. Kf2 Kf5 36. Ke3 g4 37. hxg4+ hxg4 38. f4 Ke6 39. Ke4 Kd6
40. Kf5 Kc6 41. Kxg4 b5 42. cxb5+ Kxb5 43. Kf5 Kc4 44. Be5 Kd5 45. g4 Nb6 46.
g5 Nc4 47. g6 Ne3+ 48. Kf6 Ng4+ 49. Kg5 1-0

[Event "16. Obert Internacional Sant Martí 2014"]
[Site "Barcelona ESP"]
[Date "2014.07.17"]
[Round "5.36"]
[White "Benet Morant, Damia"]
[Black "Porras Mateo, Felipe"]
[Result "0-1"]
[WhiteElo "2048"]
[BlackElo "2243"]
[PlyCount "70"]
[EventDate "2014.07.13"]
[EventType "swiss"]
[EventRounds "9"]
[EventCountry "ESP"]
[Source "lmi"]
[SourceDate "2014.07.13"]

1. d4 d5 2. c4 Nc6 3. e3 e5 4. dxe5 d4 5. a3 Nge7 6. f4 Nf5 7. Nf3 a5 8. e4 Nh4
9. Nxh4 Qxh4+ 10. g3 Qd8 11. h3 g5 12. Qh5 Ra6 13. Bd3 Rg8 14. c5 g4 15. Bxa6
bxa6 16. Qxh7 Rg7 17. Qh4 Qxh4 18. gxh4 gxh3 19. Nd2 Rg2 20. Nf3 Bg4 21. Ng5 h2
22. Kf1 Rc2 23. f5 d3 24. e6 d2 25. exf7+ Ke7 26. Bxd2 Rxd2 27. f6+ Kxf6 28.
e5+ Kf5 29. Re1 Nxe5 30. Re3 Bxc5 31. Ne4 Bxe3 32. f8=Q+ Kxe4 33. Qa8+ c6 34.
Rxh2 Rxh2 35. Qxa6 Bf3 0-1